000 00618nam a2200193Ia 4500
003 LDD
008 190117s9999 xx 000 0 und d
020 _a9788126715404
_c₹200
040 _cLDD
041 _ahi
082 _a8H3.7 ना1664रा
100 _aनागर, विष्णु
245 0 _aरात-दिन
_cविष्णु नागर
260 _aनयी दिल्ली
_bराजकमल प्रकाशन
_c2008
300 _a152पृ.
901 _aVANI
904 _aReqst by : J.M.Parekh
942 _2ddc
_cH
999 _c162203
_d162203